| 000 | 00420nam a22001577a 4500 | ||
|---|---|---|---|
| 999 |
_c525588 _d525588 |
||
| 003 | NUST | ||
| 038 | _awaseem | ||
| 082 |
_a891.421 _bZAH |
||
| 100 |
_aZahid, Abu-ul-Shahoor _916500 |
||
| 245 |
_aGhar Ghar Wich Faroon / _cAbu-ul-Shahoor Zahid |
||
| 300 | _a104 p. ; | ||
| 500 | _aHardcover. | ||
| 880 |
_6100-01\r _aابوالشعور زاہد |
||
| 880 |
_6245-02\r _aگھرگھر وچ فرعون / |
||
| 942 |
_2ddc _cBK |
||